| 000 | 005530000a22002050004500 | ||
|---|---|---|---|
| 003 | LK-CoMWRAF | ||
| 005 | 20240503100627.0 | ||
| 008 | 230817t1990 ||||| |||| 00| 0 eng d | ||
| 040 |
_aLK-CoMWRAF _dLK-CoMWRAF _eLK-CoMWRAF |
||
| 041 | _aeng | ||
| 082 |
_a923 _bLOK |
||
| 100 | _aLokubandara. W.J.M. | ||
| 245 | _aDr. T.B.Jayah | ||
| 260 |
_aMaharagama: _bNational Institute of Education, _c1990 |
||
| 300 | _aunnumbered pg. | ||
| 650 | _aBIOGRAPHY-Social Sciences | ||
| 650 | _aBIOGRAPHY-National heroes | ||
| 700 | _aKaleel, M.C.M. | ||
| 942 | _cBK | ||
| 999 |
_c1794 _d1794 |
||